|
|
|
|
| LEADER |
00000naa2a2200000 4500 |
| 001 |
381702 |
| 005 |
20231101062848.0 |
| 035 |
|
|
|a (RuTPU)RU\TPU\prd\4594
|
| 090 |
|
|
|a 381702
|
| 100 |
|
|
|a 20020610a2002 k y0rusy50 ca
|
| 101 |
0 |
|
|a rus
|
| 102 |
|
|
|a RU
|
| 200 |
1 |
|
|a Исследование микроструктуры и некоторых свойств керметов на основе ультрадисперсного карбонитрида титана
|f А. Н. Ермаков, И. Г. Григоров, В. Г. Пушин, Ю. Г. Зайнулин
|
| 225 |
1 |
|
|a Структура и свойства материалов
|
| 320 |
|
|
|a Библиогр.: 16 назв.
|
| 461 |
|
1 |
|0 (RuTPU)RU\TPU\prd\1134
|t Материаловедение
|o научно-технический и производственный журнал
|d 2001-
|
| 463 |
|
1 |
|0 (RuTPU)RU\TPU\prd\2328
|t № 2
|v С. 14-20
|d 2002
|
| 610 |
1 |
|
|a керметы
|
| 610 |
1 |
|
|a жидкофазное спекание
|
| 610 |
1 |
|
|a твердые сплавы
|
| 610 |
1 |
|
|a ультрадисперсный карбонит титана
|
| 610 |
1 |
|
|a легирование
|
| 610 |
1 |
|
|a никелид титана
|
| 610 |
1 |
|
|a термообработка
|
| 610 |
1 |
|
|a предел прочности
|
| 610 |
1 |
|
|a поперечный изгиб
|
| 610 |
1 |
|
|a твердость по Роквеллу
|
| 675 |
|
|
|a 546.3
|v 3
|
| 675 |
|
|
|a 533.9:546.821
|v 3
|
| 701 |
|
1 |
|a Ермаков
|b А. Н.
|
| 701 |
|
1 |
|a Григоров
|b И. Г.
|
| 701 |
|
1 |
|a Пушин
|b В. Г.
|
| 701 |
|
1 |
|a Зайнулин
|b Ю. Г.
|
| 801 |
|
1 |
|a RU
|b 63413507
|c 20020610
|g PSBO
|
| 801 |
|
2 |
|a RU
|b 63413507
|c 20060725
|g PSBO
|
| 942 |
|
|
|c BK
|